LIBRARY & INFORMATION CENTRE, KCAET, TAVANUR

ONLINE PUBLIC ACCESS CATALOGUE (OPAC)

Soil, plant and water analysis manual (Record no. 13713)

MARC details
000 -LEADER
fixed length control field 00301nam a22001217a 4500
020 ## - INTERNATIONAL STANDARD BOOK NUMBER
ISBN 9788183212311
082 ## - DEWEY DECIMAL CLASSIFICATION NUMBER
Classification number 631.458
Item number WAN/SO
100 ## - MAIN ENTRY--AUTHOR NAME
Personal name Wani, Mushtaq A
245 ## - TITLE STATEMENT
Title Soil, plant and water analysis manual
260 ## - PUBLICATION, DISTRIBUTION, ETC. (IMPRINT)
Place of publication Udaipur
Name of publisher Agrotech Publishing Academy
Year of publication 2011
300 ## - PHYSICAL DESCRIPTION
Number of Pages 344
942 ## - ADDED ENTRY ELEMENTS (KOHA)
Koha item type Books
Holdings
Withdrawn status Lost status Damaged status Collection code Home library Current library Shelving location Date acquired Source of acquisition Cost, normal purchase price Full call number Accession Number Koha item type
      Non-fiction KAUAET KAUAET General Stacks 31/03/2012 International Books and periodical supply service, New Delhi 980.00 631.458 WAN/SO 23433 Books
free website counter